000 00541nam a2200193Ia 4500
003 GCL
008 140319s9999 xx 000 0 eng d
040 _aGCL /
_cGCL
082 0 4 _a306.03
_bB E
100 1 _aBARNARD, ALAN
245 1 0 _aENCYCLOPEDIA OF SOCIAL AND CULTURAL ANTHROPOLGY /
_cBARNARD, ALAN
700 1 _aSPENCER, JONATHAN
260 _a[S.N] :
_bROUTLEDGE ،
_c1996
300 _a658 P
650 0 4 _aCULTURE - ENCYCLOPEDIA
650 0 4 _aSOCIAL SCIENCE
650 0 4 _aCULTURAL ANTHROPOLOGY - ENCYCLOPEDIA
942 _2ddc
_cBK
999 _c13713
_d13713